000 00660nam a22002417a 4500
003 UA-OsUOA
001 98792
007 ta
008 20130417b un ||||| |||| 00| 0 ukr d
100 _aЛепкий Б. С.
090 _a821.161.2
_bЛ48
942 _cBK
040 _aUA-OsUOA
_bukr
_cUA-OsUOA
_dUA-OsUOA
245 _aЗ-під Полтави до Бендер
_bісторична повість
300 _a266 с.
955 _a3
041 _aukr
080 _a821.161.2
020 _a5-308-01410-8
260 _aК.
_bДніпро
_c1992
650 7 _a82 Література. Літературознавство
_2UDC
999 _c384889
_d384889